000 00325nam a2200157Ia 4500
100 _aLipski/Alex
650 _aGospel
942 _cBK
366 _f28
654 _agospel
245 _aOriginal gospel of Ramakrishna.
260 _bJaico Publishing House
_c2015
082 _bLIP
300 _a216
546 _aENGLISH
999 _c24204
_d24204